Código civil
I tiakina i:
| Hōputu: | Pukapuka |
|---|---|
| Reo: | Pāniora |
| I whakaputaina: |
Santiago
LexisNexis
2007
|
| Putanga: | 7a. ed |
| Ngā marau: | |
| Ngā Tūtohu: |
Tāpirihia he Tūtohu
Kāore He Tūtohu, Me noho koe te mea tuatahi ki te tūtohu i tēnei pūkete!
|
MARC
| LEADER | 00000nam a2200000 a 4500 | ||
|---|---|---|---|
| 001 | UCI3571 | ||
| 003 | CL-VaPUC | ||
| 008 | 071116e20070000CL |||||||||||||||||spa|d | ||
| 020 | |a 9562384748 | ||
| 082 | 0 | 4 | |a 346.83 |b COD |2 21 |
| 245 | 1 | 0 | |a Código civil |
| 250 | |a 7a. ed | ||
| 300 | |a 1008 p | ||
| 942 | |c BK | ||
| 945 | |d 20071116 00:00:00 |a jtorresc | ||
| 260 | |a Santiago |b LexisNexis |c 2007 | ||
| 500 | |a Incluye: Citas de jurisprudencia. Anotaciones. Indice temático | ||
| 500 | |a Actualizada al 27 de Febrero de 2007 | ||
| 650 | 0 | |a Código civil |9 256135 | |
| 651 | 7 | |a CHILE |2 CL-VaPUC |9 524946 | |
| 583 | |a last modification |c 20071116 00:00:00 |k Rodrigo Vera | ||
| 999 | |c 327716 |d 327714 | ||
| 952 | |0 0 |1 0 |4 0 |6 346_830000000000000_COD_2007 |7 0 |8 R |9 411040 |a BIBDER |b BIBDER |d 2019-11-22 |i 4387759 |o 346.83 COD 2007 |p 4387759 |r 2019-11-22 |w 2019-11-22 |y BK_R |k DER | ||
| 952 | |0 0 |1 0 |4 0 |6 346_830000000000000_COD_2007 |7 0 |8 R |9 411041 |a BIBDER |b BIBDER |d 2019-11-22 |i 4387767 |o 346.83 COD 2007 |p 4387767 |r 2019-11-22 |w 2019-11-22 |y BK_R |k DER | ||
| 952 | |0 0 |1 0 |4 0 |6 346_830000000000000_COD_2007 |7 0 |8 R |9 411042 |a BIBDER |b BIBDER |d 2019-11-22 |i 4387775 |o 346.83 COD 2007 |p 4387775 |r 2019-11-22 |w 2019-11-22 |y BK_R |k DER | ||
| 952 | |0 0 |1 0 |4 0 |6 346_830000000000000_COD_2007 |7 0 |8 R |9 411043 |a BIBDER |b BIBDER |d 2019-11-22 |i 4387783 |o 346.83 COD 2007 |p 4387783 |r 2019-11-22 |w 2019-11-22 |y BK_R |k DER | ||
| 952 | |0 0 |1 0 |4 0 |6 346_830000000000000_COD_2007 |7 0 |8 R |9 411044 |a BIBDER |b BIBDER |d 2019-11-22 |i 4387791 |o 346.83 COD 2007 |p 4387791 |r 2019-11-22 |w 2019-11-22 |y BK_R |k DER | ||
| 952 | |0 0 |1 0 |4 0 |6 346_830000000000000_COD_2007 |7 0 |8 R |9 411045 |a BIBDER |b BIBDER |d 2019-11-22 |i 4387805 |o 346.83 COD 2007 |p 4387805 |r 2019-11-22 |w 2019-11-22 |y BK_R |k DER | ||
| 952 | |0 0 |1 0 |4 0 |6 346_830000000000000_COD_2007 |7 0 |8 R |9 411047 |a BIBDER |b BIBDER |d 2019-11-22 |i 4387821 |o 346.83 COD 2007 |p 4387821 |r 2019-11-22 |w 2019-11-22 |y BK_R |k DER | ||
| 952 | |0 0 |1 0 |4 0 |6 346_830000000000000_COD_2007 |7 0 |8 R |9 411049 |a BIBDER |b BIBDER |d 2019-11-22 |i 4387848 |o 346.83 COD 2007 |p 4387848 |r 2019-11-22 |w 2019-11-22 |y BK_R |k DER | ||
| 952 | |0 0 |1 0 |4 0 |6 346_830000000000000_COD_2007 |7 0 |8 R |9 411050 |a BIBDER |b BIBDER |d 2019-11-22 |i 4499034 |o 346.83 COD 2007 |p 4499034 |r 2019-11-22 |w 2019-11-22 |y BK_R |k DER | ||